Name Every Pokémon In Order - Statistics

General Stats
  • This quiz has been taken 51 times
  • The average score is 270 of 1008
Answer Stats
Dex # Answer % Correct
#0001 Bulbasaur
100%
#0002 Ivysaur
89%
#0004 Charmander
79%
#0005 Charmeleon
79%
#0007 Squirtle
79%
#0003 Venusaur
79%
#0006 Charizard
75%
#0009 Blastoise
71%
#0008 Wartortle
71%
#0012 Butterfree
68%
#0010 Caterpie
68%
#0014 Kakuna
68%
#0011 Metapod
68%
#0013 Weedle
68%
#0015 Beedrill
64%
#0018 Pidgeot
64%
#0017 Pidgeotto
64%
#0016 Pidgey
64%
#0024 Arbok
61%
#0023 Ekans
61%
#0022 Fearow
61%
#0020 Raticate
61%
#0019 Rattata
61%
#0021 Spearow
61%
#0025 Pikachu
57%
#0026 Raichu
57%
#0027 Sandshrew
57%
#0028 Sandslash
57%
#0034 Nidoking
54%
#0031 Nidoqueen
54%
#0029 Nidoran♀
54%
#0032 Nidoran♂
54%
#0030 Nidorina
54%
#0033 Nidorino
54%
#0038 Ninetales
54%
#0037 Vulpix
54%
#0044 Gloom
50%
#0043 Oddish
50%
#0045 Vileplume
50%
#0036 Clefable
46%
#0035 Clefairy
46%
#0042 Golbat
43%
#0039 Jigglypuff
43%
#0046 Paras
43%
#0047 Parasect
43%
#0049 Venomoth
43%
#0048 Venonat
43%
#0040 Wigglytuff
43%
#0041 Zubat
43%
#0050 Diglett
39%
#0051 Dugtrio
39%
#0055 Golduck
39%
#0258 Mudkip
39%
#0393 Piplup
39%
#0054 Psyduck
39%
#0158 Totodile
39%
#0252 Treecko
39%
#0063 Abra
36%
#0065 Alakazam
36%
#0181 Ampharos
36%
#0059 Arcanine
36%
#0493 Arceus
36%
#0168 Ariados
36%
#0144 Articuno
36%
#0482 Azelf
36%
#0371 Bagon
36%
#0153 Bayleef
36%
#0267 Beautifly
36%
#0374 Beldum
36%
#0182 Bellossom
36%
#0069 Bellsprout
36%
#0400 Bibarel
36%
#0399 Bidoof
36%
#0257 Blaziken
36%
#0242 Blissey
36%
#0268 Cascoon
36%
#0251 Celebi
36%
#0152 Chikorita
36%
#0390 Chimchar
36%
#0170 Chinchou
36%
#0366 Clamperl
36%
#0173 Cleffa
36%
#0091 Cloyster
36%
#0256 Combusken
36%
#0488 Cresselia
36%
#0159 Croconaw
36%
#0155 Cyndaquil
36%
#0491 Darkrai
36%
#0386 Deoxys
36%
#0502 Dewott
36%
#0483 Dialga
36%
#0085 Dodrio
36%
#0084 Doduo
36%
#0148 Dragonair
36%
#0149 Dragonite
36%
#0147 Dratini
36%
#0269 Dustox
36%
#0133 Eevee
36%
#0500 Emboar
36%
#0395 Empoleon
36%
#0244 Entei
36%
#0083 Farfetch'd
36%
#0160 Feraligatr
36%
#0180 Flaaffy
36%
#0136 Flareon
36%
#0656 Froakie
36%
#0478 Froslass
36%
#0162 Furret
36%
#0282 Gardevoir
36%
#0074 Geodude
36%
#0487 Giratina
36%
#0076 Golem
36%
#0368 Gorebyss
36%
#0075 Graveler
36%
#0388 Grotle
36%
#0383 Groudon
36%
#0253 Grovyle
36%
#0058 Growlithe
36%
#0485 Heatran
36%
#0507 Herdier
36%
#0250 Ho-Oh
36%
#0163 Hoothoot
36%
#0367 Huntail
36%
#0174 Igglybuff
36%
#0392 Infernape
36%
#0385 Jirachi
36%
#0135 Jolteon
36%
#0064 Kadabra
36%
#0281 Kirlia
36%
#0401 Kricketot
36%
#0402 Kricketune
36%
#0382 Kyogre
36%
#0171 Lanturn
36%
#0246 Larvitar
36%
#0380 Latias
36%
#0381 Latios
36%
#0166 Ledian
36%
#0165 Ledyba
36%
#0506 Lillipup
36%
#0264 Linoone
36%
#0271 Lombre
36%
#0270 Lotad
36%
#0272 Ludicolo
36%
#0249 Lugia
36%
#0404 Luxio
36%
#0405 Luxray
36%
#0068 Machamp
36%
#0067 Machoke
36%
#0066 Machop
36%
#0081 Magnemite
36%
#0082 Magneton
36%
#0490 Manaphy
36%
#0056 Mankey
36%
#0179 Mareep
36%
#0259 Marshtomp
36%
#0154 Meganium
36%
#0052 Meowth
36%
#0481 Mesprit
36%
#0376 Metagross
36%
#0375 Metang
36%
#0151 Mew
36%
#0150 Mewtwo
36%
#0262 Mightyena
36%
#0146 Moltres
36%
#0391 Monferno
36%
#0164 Noctowl
36%
#0501 Oshawott
36%
#0484 Palkia
36%
#0504 Patrat
36%
#0279 Pelipper
36%
#0053 Persian
36%
#0489 Phione
36%
#0172 Pichu
36%
#0499 Pignite
36%
#0060 Poliwag
36%
#0061 Poliwhirl
36%
#0062 Poliwrath
36%
#0077 Ponyta
36%
#0261 Poochyena
36%
#0728 Popplio
36%
#0057 Primeape
36%
#0394 Prinplup
36%
#0247 Pupitar
36%
#0156 Quilava
36%
#0243 Raikou
36%
#0280 Ralts
36%
#0078 Rapidash
36%
#0384 Rayquaza
36%
#0378 Regice
36%
#0486 Regigigas
36%
#0377 Regirock
36%
#0379 Registeel
36%
#0369 Relicanth
36%
#0479 Rotom
36%
#0373 Salamence
36%
#0503 Samurott
36%
#0254 Sceptile
36%
#0161 Sentret
36%
#0497 Serperior
36%
#0496 Servine
36%
#0492 Shaymin
36%
#0372 Shelgon
36%
#0090 Shellder
36%
#0403 Shinx
36%
#0266 Silcoon
36%
#0080 Slowbro
36%
#0079 Slowpoke
36%
#0495 Snivy
36%
#0143 Snorlax
36%
#0167 Spinarak
36%
#0398 Staraptor
36%
#0397 Staravia
36%
#0396 Starly
36%
#0508 Stoutland
36%
#0245 Suicune
36%
#0260 Swampert
36%
#0277 Swellow
36%
#0276 Taillow
36%
#0072 Tentacool
36%
#0073 Tentacruel
36%
#0498 Tepig
36%
#0175 Togepi
36%
#0176 Togetic
36%
#0255 Torchic
36%
#0389 Torterra
36%
#0387 Turtwig
36%
#0157 Typhlosion
36%
#0248 Tyranitar
36%
#0480 Uxie
36%
#0134 Vaporeon
36%
#0494 Victini
36%
#0071 Victreebel
36%
#0100 Voltorb
36%
#0505 Watchog
36%
#0070 Weepinbell
36%
#0278 Wingull
36%
#0265 Wurmple
36%
#0145 Zapdos
36%
#0263 Zigzagoon
36%
#0142 Aerodactyl
32%
#0190 Aipom
32%
#0411 Bastiodon
32%
#0654 Braixen
32%
#0729 Brionne
32%
#0406 Budew
32%
#0412 Burmy
32%
#0113 Chansey
32%
#0421 Cherrim
32%
#0420 Cherubi
32%
#0652 Chesnaught
32%
#0650 Chespin
32%
#0638 Cobalion
32%
#0415 Combee
32%
#0408 Cranidos
32%
#0169 Crobat
32%
#0104 Cubone
32%
#0723 Dartrix
32%
#0724 Decidueye
32%
#0633 Deino
32%
#0655 Delphox
32%
#0087 Dewgong
32%
#0719 Diancie
32%
#0132 Ditto
32%
#0632 Durant
32%
#0477 Dusknoir
32%
#0125 Electabuzz
32%
#0466 Electivire
32%
#0101 Electrode
32%
#0239 Elekid
32%
#0295 Exploud
32%
#0653 Fennekin
32%
#0662 Fletchinder
32%
#0661 Fletchling
32%
#0657 Frogadier
32%
#0475 Gallade
32%
#0092 Gastly
32%
#0649 Genesect
32%
#0094 Gengar
32%
#0471 Glaceon
32%
#0472 Gliscor
32%
#0118 Goldeen
32%
#0658 Greninja
32%
#0735 Gumshoos
32%
#0130 Gyarados
32%
#0093 Haunter
32%
#0631 Heatmor
32%
#0107 Hitmonchan
32%
#0106 Hitmonlee
32%
#0237 Hitmontop
32%
#0720 Hoopa
32%
#0187 Hoppip
32%
#0116 Horsea
32%
#0635 Hydreigon
32%
#0727 Incineroar
32%
#0189 Jumpluff
32%
#0124 Jynx
32%
#0140 Kabuto
32%
#0141 Kabutops
32%
#0647 Keldeo
32%
#0099 Kingler
32%
#0109 Koffing
32%
#0098 Krabby
32%
#0646 Kyurem
32%
#0131 Lapras
32%
#0470 Leafeon
32%
#0463 Lickilicky
32%
#0108 Lickitung
32%
#0510 Liepard
32%
#0667 Litleo
32%
#0725 Litten
32%
#0294 Loudred
32%
#0370 Luvdisc
32%
#0240 Magby
32%
#0129 Magikarp
32%
#0126 Magmar
32%
#0467 Magmortar
32%
#0473 Mamoswine
32%
#0105 Marowak
32%
#0648 Meloetta
32%
#0241 Miltank
32%
#0414 Mothim
32%
#0122 Mr. Mime
32%
#0177 Natu
32%
#0714 Noibat
32%
#0715 Noivern
32%
#0274 Nuzleaf
32%
#0138 Omanyte
32%
#0139 Omastar
32%
#0515 Panpour
32%
#0511 Pansage
32%
#0513 Pansear
32%
#0731 Pikipek
32%
#0127 Pinsir
32%
#0137 Porygon
32%
#0474 Porygon-Z
32%
#0730 Primarina
32%
#0476 Probopass
32%
#0509 Purrloin
32%
#0668 Pyroar
32%
#0651 Quilladin
32%
#0409 Rampardos
32%
#0643 Reshiram
32%
#0464 Rhyperior
32%
#0407 Roserade
32%
#0722 Rowlet
32%
#0664 Scatterbug
32%
#0123 Scyther
32%
#0117 Seadra
32%
#0119 Seaking
32%
#0273 Seedot
32%
#0086 Seel
32%
#0410 Shieldon
32%
#0275 Shiftry
32%
#0516 Simipour
32%
#0512 Simisage
32%
#0514 Simisear
32%
#0188 Skiploom
32%
#0238 Smoochum
32%
#0665 Spewpa
32%
#0121 Starmie
32%
#0120 Staryu
32%
#0192 Sunflora
32%
#0191 Sunkern
32%
#0663 Talonflame
32%
#0465 Tangrowth
32%
#0128 Tauros
32%
#0639 Terrakion
32%
#0468 Togekiss
32%
#0726 Torracat
32%
#0733 Toucannon
32%
#0732 Trumbeak
32%
#0236 Tyrogue
32%
#0416 Vespiquen
32%
#0640 Virizion
32%
#0666 Vivillon
32%
#0721 Volcanion
32%
#0461 Weavile
32%
#0110 Weezing
32%
#0293 Whismur
32%
#0413 Wormadam
32%
#0178 Xatu
32%
#0716 Xerneas
32%
#0734 Yungoos
32%
#0717 Yveltal
32%
#0644 Zekrom
32%
#0634 Zweilous
32%
#0718 Zygarde
32%
#0460 Abomasnow
29%
#0359 Absol
29%
#0681 Aegislash
29%
#0306 Aggron
29%
#0424 Ambipom
29%
#0304 Aron
29%
#0699 Aurorus
29%
#0713 Avalugg
29%
#0184 Azumarill
29%
#0298 Azurill
29%
#0689 Barbaracle
29%
#0902 Basculegion
29%
#0712 Bergmite
29%
#0628 Braviary
29%
#0286 Breloom
29%
#0418 Buizel
29%
#0427 Buneary
29%
#0659 Bunnelby
29%
#0318 Carvanha
29%
#0692 Clauncher
29%
#0693 Clawitzer
29%
#0702 Dedenne
29%
#0301 Delcatty
29%
#0660 Diggersby
29%
#0680 Doublade
29%
#0691 Dragalge
29%
#0426 Drifblim
29%
#0425 Drifloon
29%
#0096 Drowzee
29%
#0196 Espeon
29%
#0102 Exeggcute
29%
#0103 Exeggutor
29%
#0669 Flabébé
29%
#0419 Floatzel
29%
#0670 Floette
29%
#0671 Florges
29%
#0676 Furfrou
29%
#0423 Gastrodon
29%
#0362 Glalie
29%
#0711 Gourgeist
29%
#0088 Grimer
29%
#0297 Hariyama
29%
#0695 Heliolisk
29%
#0694 Helioptile
29%
#0430 Honchkrow
29%
#0679 Honedge
29%
#0229 Houndoom
29%
#0228 Houndour
29%
#0097 Hypno
29%
#0818 Inteleon
29%
#0115 Kangaskhan
29%
#0230 Kingdra
29%
#0707 Klefki
29%
#0305 Lairon
29%
#0645 Landorus
29%
#0636 Larvesta
29%
#0428 Lopunny
29%
#0462 Magnezone
29%
#0296 Makuhita
29%
#0183 Marill
29%
#0284 Masquerain
29%
#0303 Mawile
29%
#0308 Medicham
29%
#0307 Meditite
29%
#0429 Mismagius
29%
#0089 Muk
29%
#0299 Nosepass
29%
#0095 Onix
29%
#0417 Pachirisu
29%
#0674 Pancham
29%
#0675 Pangoro
29%
#0708 Phantump
29%
#0519 Pidove
29%
#0233 Porygon2
29%
#0710 Pumpkaboo
29%
#0112 Rhydon
29%
#0111 Rhyhorn
29%
#0627 Rufflet
29%
#0302 Sableye
29%
#0364 Sealeo
29%
#0319 Sharpedo
29%
#0422 Shellos
29%
#0285 Shroomish
29%
#0300 Skitty
29%
#0690 Skrelp
29%
#0289 Slaking
29%
#0287 Slakoth
29%
#0361 Snorunt
29%
#0459 Snover
29%
#0816 Sobble
29%
#0363 Spheal
29%
#0283 Surskit
29%
#0114 Tangela
29%
#0642 Thundurus
29%
#0641 Tornadus
29%
#0520 Tranquill
29%
#0709 Trevenant
29%
#0357 Tropius
29%
#0697 Tyrantrum
29%
#0696 Tyrunt
29%
#0197 Umbreon
29%
#0521 Unfezant
29%
#0901 Ursaluna
29%
#0288 Vigoroth
29%
#0637 Volcarona
29%
#0320 Wailmer
29%
#0321 Wailord
29%
#0365 Walrein
29%
#0360 Wynaut
29%
#0899 Wyrdeer
29%
#0469 Yanmega
29%
#0334 Altaria
25%
#0698 Amaura
25%
#0347 Anorith
25%
#0348 Armaldo
25%
#0683 Aromatisse
25%
#0531 Audino
25%
#0343 Baltoy
25%
#0354 Banette
25%
#0339 Barboach
25%
#0688 Binacle
25%
#0522 Blitzle
25%
#0525 Boldore
25%
#0438 Bonsly
25%
#0626 Bouffalant
25%
#0437 Bronzong
25%
#0436 Bronzor
25%
#0331 Cacnea
25%
#0332 Cacturne
25%
#0323 Camerupt
25%
#0455 Carnivine
25%
#0351 Castform
25%
#0737 Charjabug
25%
#0441 Chatot
25%
#0358 Chimecho
25%
#0433 Chingling
25%
#0815 Cinderace
25%
#0344 Claydol
25%
#0534 Conkeldurr
25%
#0341 Corphish
25%
#0222 Corsola
25%
#0546 Cottonee
25%
#0740 Crabominable
25%
#0739 Crabrawler
25%
#0346 Cradily
25%
#0342 Crawdaunt
25%
#0453 Croagunk
25%
#0225 Delibird
25%
#0232 Donphan
25%
#0452 Drapion
25%
#0529 Drilbur
25%
#0206 Dunsparce
25%
#0356 Dusclops
25%
#0355 Duskull
25%
#0309 Electrike
25%
#0905 Enamorus
25%
#0677 Espurr
25%
#0530 Excadrill
25%
#0349 Feebas
25%
#0456 Finneon
25%
#0330 Flygon
25%
#0205 Forretress
25%
#0444 Gabite
25%
#0445 Garchomp
25%
#0443 Gible
25%
#0526 Gigalith
25%
#0203 Girafarig
25%
#0431 Glameow
25%
#0207 Gligar
25%
#0673 Gogoat
25%
#0706 Goodra
25%
#0704 Goomy
25%
#0210 Granbull
25%
#0810 Grookey
25%
#0736 Grubbin
25%
#0326 Grumpig
25%
#0316 Gulpin
25%
#0533 Gurdurr
25%
#0440 Happiny
25%
#0701 Hawlucha
25%
#0214 Heracross
25%
#0449 Hippopotas
25%
#0450 Hippowdon
25%
#0314 Illumise
25%
#0686 Inkay
25%
#0352 Kecleon
25%
#0900 Kleavor
25%
#0542 Leavanny
25%
#0345 Lileep
25%
#0549 Lilligant
25%
#0448 Lucario
25%
#0457 Lumineon
25%
#0337 Lunatone
25%
#0219 Magcargo
25%
#0687 Malamar
25%
#0310 Manectric
25%
#0226 Mantine
25%
#0458 Mantyke
25%
#0809 Melmetal
25%
#0808 Meltan
25%
#0908 Meowscarada
25%
#0678 Meowstic
25%
#0350 Milotic
25%
#0439 Mime Jr.
25%
#0312 Minun
25%
#0200 Misdreavus
25%
#0749 Mudbray
25%
#0750 Mudsdale
25%
#0446 Munchlax
25%
#0517 Munna
25%
#0198 Murkrow
25%
#0518 Musharna
25%
#0290 Nincada
25%
#0291 Ninjask
25%
#0322 Numel
25%
#0224 Octillery
25%
#0741 Oricorio
25%
#0536 Palpitoad
25%
#0548 Petilil
25%
#0231 Phanpy
25%
#0221 Piloswine
25%
#0204 Pineco
25%
#0311 Plusle
25%
#0186 Politoed
25%
#0432 Purugly
25%
#0195 Quagsire
25%
#0912 Quaxly
25%
#0211 Qwilfish
25%
#0223 Remoraid
25%
#0812 Rillaboom
25%
#0447 Riolu
25%
#0524 Roggenrola
25%
#0315 Roselia
25%
#0539 Sawk
25%
#0212 Scizor
25%
#0545 Scolipede
25%
#0813 Scorbunny
25%
#0537 Seismitoad
25%
#0336 Seviper
25%
#0540 Sewaddle
25%
#0292 Shedinja
25%
#0213 Shuckle
25%
#0353 Shuppet
25%
#0227 Skarmory
25%
#0672 Skiddo
25%
#0451 Skorupi
25%
#0435 Skuntank
25%
#0705 Sliggoo
25%
#0199 Slowking
25%
#0218 Slugma
25%
#0685 Slurpuff
25%
#0235 Smeargle
25%
#0215 Sneasel
25%
#0903 Sneasler
25%
#0209 Snubbull
25%
#0338 Solrock
25%
#0327 Spinda
25%
#0442 Spiritomb
25%
#0325 Spoink
25%
#0906 Sprigatito
25%
#0682 Spritzee
25%
#0234 Stantler
25%
#0208 Steelix
25%
#0434 Stunky
25%
#0185 Sudowoodo
25%
#0333 Swablu
25%
#0541 Swadloon
25%
#0317 Swalot
25%
#0220 Swinub
25%
#0684 Swirlix
25%
#0700 Sylveon
25%
#0216 Teddiursa
25%
#0538 Throh
25%
#0811 Thwackey
25%
#0532 Timburr
25%
#0324 Torkoal
25%
#0454 Toxicroak
25%
#0328 Trapinch
25%
#0535 Tympole
25%
#0201 Unown
25%
#0217 Ursaring
25%
#0543 Venipede
25%
#0329 Vibrava
25%
#0738 Vikavolt
25%
#0313 Volbeat
25%
#0547 Whimsicott
25%
#0544 Whirlipede
25%
#0340 Whiscash
25%
#0746 Wishiwashi
25%
#0202 Wobbuffet
25%
#0194 Wooper
25%
#0193 Yanma
25%
#0335 Zangoose
25%
#0523 Zebstrika
25%
#0752 Araquanid
21%
#0610 Axew
21%
#0625 Bisharp
21%
#0703 Carbink
21%
#0742 Cutiefly
21%
#0751 Dewpider
21%
#0817 Drizzile
21%
#0611 Fraxure
21%
#0622 Golett
21%
#0623 Golurk
21%
#0612 Haxorus
21%
#0552 Krokorok
21%
#0553 Krookodile
21%
#0745 Lycanroc
21%
#0630 Mandibuzz
21%
#0747 Mareanie
21%
#0904 Overqwil
21%
#0624 Pawniard
21%
#0743 Ribombee
21%
#0744 Rockruff
21%
#0551 Sandile
21%
#0911 Skeledirge
21%
#0528 Swoobat
21%
#0748 Toxapex
21%
#0629 Vullaby
21%
#0527 Woobat
21%
#0617 Accelgor
18%
#0594 Alomomola
18%
#0591 Amoonguss
18%
#0566 Archen
18%
#0567 Archeops
18%
#0550 Basculin
18%
#0614 Beartic
18%
#0606 Beheeyem
18%
#0824 Blipbug
18%
#0836 Boltund
18%
#0986 Brute Bonnet
18%
#0794 Buzzwole
18%
#0565 Carracosta
18%
#0609 Chandelure
18%
#1002 Chien-Pao
18%
#1004 Chi-Yu
18%
#0573 Cinccino
18%
#0563 Cofagrigus
18%
#0823 Corviknight
18%
#0822 Corvisquire
18%
#0790 Cosmoem
18%
#0789 Cosmog
18%
#0910 Crocalor
18%
#0558 Crustle
18%
#0615 Cryogonal
18%
#0613 Cubchoo
18%
#0555 Darmanitan
18%
#0554 Darumaka
18%
#0585 Deerling
18%
#0825 Dottler
18%
#0621 Druddigon
18%
#0580 Ducklett
18%
#0578 Duosion
18%
#0557 Dwebble
18%
#0603 Eelektrik
18%
#0604 Eelektross
18%
#0605 Elgyem
18%
#0587 Emolga
18%
#0589 Escavalier
18%
#0597 Ferroseed
18%
#0598 Ferrothorn
18%
#0907 Floragato
18%
#0987 Flutter Mane
18%
#0590 Foongus
18%
#0592 Frillish
18%
#0909 Fuecoco
18%
#0596 Galvantula
18%
#0569 Garbodor
18%
#1000 Gholdengo
18%
#0999 Gimmighoul
18%
#0574 Gothita
18%
#0576 Gothitelle
18%
#0575 Gothorita
18%
#0984 Great Tusk
18%
#0820 Greedent
18%
#0799 Guzzlord
18%
#1006 Iron Valiant
18%
#0593 Jellicent
18%
#0595 Joltik
18%
#0588 Karrablast
18%
#0600 Klang
18%
#0599 Klink
18%
#0601 Klinklang
18%
#1007 Koraidon
18%
#0608 Lampent
18%
#0915 Lechonk
18%
#0607 Litwick
18%
#0920 Lokix
18%
#0792 Lunala
18%
#0801 Magearna
18%
#0556 Maractus
18%
#0802 Marshadow
18%
#0619 Mienfoo
18%
#0620 Mienshao
18%
#0572 Minccino
18%
#1008 Miraidon
18%
#0804 Naganadel
18%
#0800 Necrozma
18%
#0827 Nickit
18%
#0919 Nymble
18%
#0826 Orbeetle
18%
#0770 Palossand
18%
#0921 Pawmi
18%
#0922 Pawmo
18%
#0923 Pawmot
18%
#0795 Pheromosa
18%
#0803 Poipole
18%
#0914 Quaquaval
18%
#0913 Quaxwell
18%
#0814 Raboot
18%
#0579 Reuniclus
18%
#1005 Roaring Moon
18%
#0821 Rookidee
18%
#0769 Sandygast
18%
#0989 Sandy Shocks
18%
#0586 Sawsbuck
18%
#0560 Scrafty
18%
#0559 Scraggy
18%
#0985 Scream Tail
18%
#0616 Shelmet
18%
#0561 Sigilyph
18%
#0819 Skwovet
18%
#0988 Slither Wing
18%
#0791 Solgaleo
18%
#0577 Solosis
18%
#0918 Spidops
18%
#0618 Stunfisk
18%
#0581 Swanna
18%
#0787 Tapu Bulu
18%
#0788 Tapu Fini
18%
#0785 Tapu Koko
18%
#0786 Tapu Lele
18%
#0828 Thievul
18%
#1003 Ting-Lu
18%
#0564 Tirtouga
18%
#0568 Trubbish
18%
#0602 Tynamo
18%
#0583 Vanillish
18%
#0582 Vanillite
18%
#0584 Vanilluxe
18%
#0831 Wooloo
18%
#0562 Yamask
18%
#0835 Yamper
18%
#0807 Zeraora
18%
#0571 Zoroark
18%
#0570 Zorua
18%
#0842 Appletun
14%
#0840 Applin
14%
#0930 Arboliva
14%
#0997 Arctibax
14%
#0998 Baxcalibur
14%
#0760 Bewear
14%
#0806 Blacephalon
14%
#0761 Bounsweet
14%
#0898 Calyrex
14%
#0838 Carkol
14%
#0797 Celesteela
14%
#0833 Chewtle
14%
#0839 Coalossal
14%
#0764 Comfey
14%
#0927 Dachsbun
14%
#0929 Dolliv
14%
#0887 Dragapult
14%
#0886 Drakloak
14%
#0834 Drednaw
14%
#0885 Dreepy
14%
#0832 Dubwool
14%
#0830 Eldegoss
14%
#0890 Eternatus
14%
#0926 Fidough
14%
#0841 Flapple
14%
#0753 Fomantis
14%
#0996 Frigibax
14%
#0896 Glastrier
14%
#0768 Golisopod
14%
#0829 Gossifleur
14%
#0783 Hakamo-o
14%
#0991 Iron Bundle
14%
#0992 Iron Hands
14%
#0993 Iron Jugulis
14%
#0994 Iron Moth
14%
#0995 Iron Thorns
14%
#0990 Iron Treads
14%
#0782 Jangmo-o
14%
#0798 Kartana
14%
#0784 Kommo-o
14%
#0891 Kubfu
14%
#0754 Lurantis
14%
#0925 Maushold
14%
#0778 Mimikyu
14%
#0755 Morelull
14%
#0793 Nihilego
14%
#0916 Oinkologne
14%
#0765 Oranguru
14%
#0766 Passimian
14%
#0771 Pyukumuku
14%
#0895 Regidrago
14%
#0894 Regieleki
14%
#0837 Rolycoly
14%
#0757 Salandit
14%
#0758 Salazzle
14%
#0756 Shiinotic
14%
#0928 Smoliv
14%
#0897 Spectrier
14%
#0931 Squawkabilly
14%
#0805 Stakataka
14%
#0762 Steenee
14%
#0759 Stufful
14%
#0924 Tandemaus
14%
#0917 Tarountula
14%
#0763 Tsareena
14%
#0892 Urshifu
14%
#0767 Wimpod
14%
#1001 Wo-Chien
14%
#0796 Xurkitree
14%
#0888 Zacian
14%
#0889 Zamazenta
14%
#0893 Zarude
14%
#0979 Annihilape
11%
#0883 Arctovish
11%
#0881 Arctozolt
11%
#0846 Arrokuda
11%
#0847 Barraskewda
11%
#0779 Bruxish
11%
#0851 Centiskorch
11%
#0975 Cetitan
11%
#0974 Cetoddle
11%
#0852 Clobbopus
11%
#0980 Clodsire
11%
#0845 Cramorant
11%
#0781 Dhelmise
11%
#0977 Dondozo
11%
#0882 Dracovish
11%
#0880 Dracozolt
11%
#0780 Drampa
11%
#0982 Dudunsparce
11%
#0884 Duraludon
11%
#0981 Farigiraf
11%
#0934 Garganacl
11%
#0969 Glimmet
11%
#0970 Glimmora
11%
#0945 Grafaiai
11%
#0853 Grapploct
11%
#0983 Kingambit
11%
#0775 Komala
11%
#0774 Minior
11%
#0932 Nacli
11%
#0933 Naclstack
11%
#0968 Orthworm
11%
#0844 Sandaconda
11%
#0944 Shroodle
11%
#0843 Silicobra
11%
#0773 Silvally
11%
#0850 Sizzlipede
11%
#0978 Tatsugiri
11%
#0777 Togedemaru
11%
#0848 Toxel
11%
#0849 Toxtricity
11%
#0776 Turtonator
11%
#0772 Type: Null
11%
#0976 Veluza
11%
#0869 Alcremie
7%
#0936 Armarouge
7%
#0939 Bellibolt
7%
#0962 Bombirdier
7%
#0947 Brambleghast
7%
#0946 Bramblin
7%
#0951 Capsakid
7%
#0937 Ceruledge
7%
#0935 Charcadet
7%
#0879 Copperajah
7%
#0878 Cufant
7%
#0864 Cursola
7%
#0967 Cyclizar
7%
#0875 Eiscue
7%
#0956 Espathra
7%
#0870 Falinks
7%
#0963 Finizen
7%
#0973 Flamigo
7%
#0955 Flittle
7%
#0873 Frosmoth
7%
#0971 Greavard
7%
#0861 Grimmsnarl
7%
#0856 Hatenna
7%
#0858 Hatterene
7%
#0857 Hattrem
7%
#0972 Houndstone
7%
#0859 Impidimp
7%
#0876 Indeedee
7%
#0941 Kilowattrel
7%
#0950 Klawf
7%
#0943 Mabosstiff
7%
#0942 Maschiff
7%
#0868 Milcery
7%
#0860 Morgrem
7%
#0877 Morpeko
7%
#0866 Mr. Rime
7%
#0862 Obstagoon
7%
#0964 Palafin
7%
#0863 Perrserker
7%
#0871 Pincurchin
7%
#0855 Polteageist
7%
#0954 Rabsca
7%
#0953 Rellor
7%
#0966 Revavroom
7%
#0867 Runerigus
7%
#0952 Scovillain
7%
#0854 Sinistea
7%
#0865 Sirfetch'd
7%
#0872 Snom
7%
#0874 Stonjourner
7%
#0938 Tadbulb
7%
#0957 Tinkatink
7%
#0959 Tinkaton
7%
#0958 Tinkatuff
7%
#0948 Toedscool
7%
#0949 Toedscruel
7%
#0965 Varoom
7%
#0940 Wattrel
7%
#0960 Wiglett
7%
#0961 Wugtrio
7%
No matching quizzes found
Score Distribution
Percent of People with Each Score
Percentile by Number Answered
Your Score History
You have not taken this quiz